Buzz Lightyear of Star Command (Record no. 14983)
[ view plain ]
| 000 -LEADER | |
|---|---|
| fixed length control field | 01897ngm a2200409 4500 |
| 003 - CONTROL NUMBER IDENTIFIER | |
| control field | dpl |
| 005 - DATE AND TIME OF LATEST TRANSACTION | |
| control field | 20080822142457.0 |
| 007 - PHYSICAL DESCRIPTION FIXED FIELD--GENERAL INFORMATION | |
| fixed length control field | DVD |
| 008 - FIXED-LENGTH DATA ELEMENTS--GENERAL INFORMATION | |
| fixed length control field | 080822t xxu||||| |||| 00| 0 eng d |
| 010 ## - LIBRARY OF CONGRESS CONTROL NUMBER | |
| LC control number | DVD-000180-182 |
| 020 ## - INTERNATIONAL STANDARD BOOK NUMBER | |
| International Standard Book Number | 0788823671 |
| 024 ## - OTHER STANDARD IDENTIFIER | |
| Standard number or code | A1187 |
| Terms of availability | 499.00 |
| 024 ## - OTHER STANDARD IDENTIFIER | |
| Standard number or code | 786936125672 |
| 040 ## - CATALOGING SOURCE | |
| Original cataloging agency | dpl |
| 082 ## - DEWEY DECIMAL CLASSIFICATION NUMBER | |
| Classification number | DVD / BUZ |
| 245 ## - TITLE STATEMENT | |
| Title | Buzz Lightyear of Star Command |
| Remainder of title | the adventure begins. |
| Medium | [DVD] : |
| 260 ## - PUBLICATION, DISTRIBUTION, ETC. (IMPRINT) | |
| Place of publication, distribution, etc | [United States] : |
| -- | Burbank, Calif. : |
| Name of publisher, distributor, etc | Walt Disney Home Video : |
| -- | Pixar Animation Studios ; |
| -- | Distributed by Excel Home Video |
| Date of publication, distribution, etc | [2000] |
| 300 ## - PHYSICAL DESCRIPTION | |
| Extent | 1 DVD (ca. 70 min.) : |
| Other physical details | sd., col. ; |
| Dimensions | 4 1/2 in. |
| 500 ## - GENERAL NOTE | |
| General note | Title from cassette label. |
| 511 ## - PARTICIPANT OR PERFORMER NOTE | |
| Participant or performer note | Tim Allen, Wayne Knight, Thomas F. Wilson. |
| 520 ## - SUMMARY, ETC. | |
| Summary, etc | Buzz Lightyear takes on the evil Emperor Zurg in an intergalactic struggle of epic proportions. |
| 538 ## - SYSTEM DETAILS NOTE | |
| System details note | Dolby digital 5.1, aspact ratio 1.78.1, format DVD 9 Dual Layer sided disc, hi-fi stereo. |
| 650 ## - SUBJECT ADDED ENTRY--TOPICAL TERM | |
| Topical term or geographic name as entry element | Animated films. |
| 650 ## - SUBJECT ADDED ENTRY--TOPICAL TERM | |
| Topical term or geographic name as entry element | Children's films. |
| 650 ## - SUBJECT ADDED ENTRY--TOPICAL TERM | |
| Topical term or geographic name as entry element | Video recordings for the hearing impaired. |
| 700 ## - ADDED ENTRY--PERSONAL NAME | |
| Personal name | Allen, Tim, |
| Dates associated with a name | 1953- |
| 700 ## - ADDED ENTRY--PERSONAL NAME | |
| Personal name | Knight, Wayne. |
| 700 ## - ADDED ENTRY--PERSONAL NAME | |
| Personal name | Loter, Steve. |
| 710 ## - ADDED ENTRY--CORPORATE NAME | |
| Corporate name or jurisdiction name as entry element | Walt Disney Home Video (Firm) |
| 710 ## - ADDED ENTRY--CORPORATE NAME | |
| Corporate name or jurisdiction name as entry element | Pixar Animation Studios. |
| 710 ## - ADDED ENTRY--CORPORATE NAME | |
| Corporate name or jurisdiction name as entry element | Buena Vista Home Entertainment (Firm) |
| 942 ## - ADDED ENTRY ELEMENTS (KOHA) | |
| Koha item type | CD-ROMs, DVDs, VHS |
| Source of classification or shelving scheme | Dewey Decimal Classification |
| Classification part | DVD |
| Call number suffix | BUZ |
| Withdrawn status | Lost status | Source of classification or shelving scheme | Damaged status | Not for loan | Home library | Current library | Date acquired | Cost, normal purchase price | Total Checkouts | Full call number | Barcode | Date last seen | Date checked out | Copy number | Cost, replacement price | Price effective from | Koha item type |
|---|---|---|---|---|---|---|---|---|---|---|---|---|---|---|---|---|---|
| Dewey Decimal Classification | Central Library | Central Library | 22/08/2008 | 499.00 | 12 | DVD BUZ | DVD-000180 | 21/08/2014 | 14/08/2014 | 1 | 499.00 | 15/09/2008 | CD-ROMs, DVDs, VHS | ||||
| Dewey Decimal Classification | Patel Nagar | Patel Nagar | 22/08/2008 | 499.00 | 12 | DVD BUZ | DVD-000182 | 12/06/2013 | 27/05/2013 | 1 | 499.00 | 15/09/2008 | CD-ROMs, DVDs, VHS | ||||
| Dewey Decimal Classification | Sarojini Nagar | Sarojini Nagar | 22/08/2008 | 499.00 | 17 | DVD BUZ | DVD-000181 | 04/06/2015 | 20/05/2015 | 1 | 499.00 | 15/09/2008 | CD-ROMs, DVDs, VHS |
